[Event "D11"]
[Site "Cleanchess.com   INT"]
[Date "2018.02.14"]
[Round "6"]
[White "Shabalov,A"]
[Black "Sturt,R"]
[Result "1-0"]
[WhiteElo "2544"]
[BlackElo "2446"]

1.d4 d5 2.c4 c6 3.Nf3 Nf6 4.Nbd2 g6 5.b3 Bg7 6.Bb2 O-O 7.g3 Nbd7 8.Bg2 b6
9.O-O Bb7 10.Ne5 e6 11.Nd3 Qe7 12.Rc1 Rac8 13.Re1 Rfd8 14.Rc2 c5 15.cxd5 exd5
16.Qa1 Ne4 17.dxc5 Bxb2 18.Qxb2 bxc5 19.Nxe4 dxe4 20.Nf4 Ne5 21.Qc1 Rd4 22.Qa3
Ba8 23.Qa5 e3 24.fxe3 Ng4 25.Rc3 Re4 26.Qa6 Rd8 27.Rd3 Rxd3 28.Nxd3 Bb7
29.Qxa7 Nxe3 30.Bf3 Nc2 31.Rf1 Nd4 32.Qxc5 Rxe2 33.Qxd4 Bxf3 34.Rxf3 Rxa2
35.Rf2 Ra6 36.Qc4 Re6 37.Nf4 Re4 38.Qc8+ Kg7 39.Qc3+ Kh6 40.Qd2 Re1+ 41.Rf1
Qc5+ 42.Kg2 Rxf1 43.Kxf1 Qf5 44.Kg2 Qe4+ 45.Kf2 Kg7 46.Qc3+ Kh6 47.Qd3 Qe5
48.h4 Qb2+ 49.Kf3 f5 50.Qe3 Kg7 51.Qd4+ {#r} 1-0

[Event "D11"]
[Site "Cleanchess.com   INT"]
[Date "2018.02.14"]
[Round "6"]
[White "Sturt,R"]
[Black "Shetty,A"]
[Result "0-1"]
[WhiteElo "2446"]
[BlackElo "2389"]

1.d4 d5 2.c4 c6 3.Nf3 Nf6 4.e3 a6 5.Bd3 g6 6.Qc2 Bg7 7.Nbd2 O-O 8.O-O Nbd7
9.Rd1 Re8 10.b3 e5 11.dxe5 Nxe5 12.Nxe5 Rxe5 13.Bb2 Re8 14.cxd5 Nxd5 15.Bxg7
Kxg7 16.Nf3 Qf6 17.Bc4 Bf5 18.Qd2 Rad8 19.Bxd5 Rxd5 20.Qb4 a5 21.Qf4 Rxd1+
22.Rxd1 Rd8 23.Re1 Qc3 24.g4 Be6 25.h3 Qf6 26.Qg3 Bd5 27.e4 Be6 28.e5 Qe7
29.Qf4 Rd3 30.Ng5 h6 31.Nxe6+ Qxe6 32.Kg2 Qd5+ 33.f3 Qe6 34.h4 b5 35.h5 g5
36.Qe4 Qd5 37.Qxd5 Rxd5 38.e6 Kf8 39.exf7 Rd2+ 40.Kg3 Kxf7 41.Rc1 Rxa2 42.Rxc6
Rb2 43.Rxh6 Rxb3 44.Ra6 a4 45.h6 a3 46.Kg2 b4 47.Kg3 Rb1 48.f4 Rg1+ 49.Kf3
Rf1+ 50.Ke4 Rxf4+ 51.Ke5 Kg8 52.Ra7 Kh8 53.Ke6 Rf2 54.Ra4 a2 55.Ra7 b3 56.Ke5
Rf4 57.Ke6 b2 {#R} 0-1

[Event "D12"]
[Site "Cleanchess.com   INT"]
[Date "2018.02.14"]
[Round "6"]
[White "Dreev,A"]
[Black "Pakleza,Z"]
[Result "1-0"]
[WhiteElo "2653"]
[BlackElo "2496"]

1.d4 d5 2.c4 c6 3.Nf3 Nf6 4.e3 Bf5 5.Nc3 e6 6.Nh4 Be4 7.f3 Bg6 8.Qb3 Qb6
9.Nxg6 hxg6 10.Bd2 Nbd7 11.O-O-O Qxb3 12.axb3 O-O-O 13.Kc2 a6 14.Bd3 Bd6 15.h3
c5 16.cxd5 exd5 17.g4 Nb6 18.dxc5 Bxc5 19.Ne2 Rde8 20.Nd4 Nbd7 21.b4 Bb6
22.Ra1 Ne5 23.b5 Nxd3 24.Kxd3 Nd7 25.bxa6 bxa6 26.Bc3 Ne5+ 27.Kc2 Kb7 28.Ra4
Rc8 29.Kb1 Rc4 30.Ra3 f6 31.Rb3 Ka7 32.h4 Rcc8 33.Rd1 Nc4 34.Nc2 Rcd8 35.Nb4
Na5 36.Ra3 Kb7 37.Rxd5 Nc4 38.Ra4 Nxe3 39.Rxd8 Rxd8 40.Rxa6 Rd1+ 41.Ka2 Rf1
42.g5 Rxf3 43.Ra4 Rf4 44.Kb3 f5 45.Nd3 Rxa4 46.Kxa4 Ng2 47.Bxg7 f4 48.h5 gxh5
49.g6 Nh4 50.Nxf4 Nf5 51.Nxh5 Nxg7 52.Nxg7 Bd4 53.Ne6 Bxb2 54.Kb5 Kc8 55.Kc6
Be5 56.Kd5 Bb2 57.Kd6 Ba3+ 58.Nc5 Bb2 59.Ke7 Kc7 60.Nd7 Bg7 61.Nf6 Bh6 62.Kf7
Kd6 63.Ng4 {#r} 1-0

[Event "D12"]
[Site "Cleanchess.com   INT"]
[Date "2018.02.14"]
[Round "6"]
[White "Demidov,M"]
[Black "Kathmale,S"]
[Result "1-0"]
[WhiteElo "2523"]
[BlackElo "2300"]

1.d4 d5 2.Nf3 Nf6 3.c4 c6 4.e3 Bf5 5.Nc3 e6 6.Nh4 Be4 7.f3 Bg6 8.Qb3 Qc7 9.Bd2
Be7 10.g3 O-O 11.Nxg6 hxg6 12.Bg2 Nbd7 13.cxd5 exd5 14.O-O Qb6 15.Qc2 Rfd8
16.Kh1 Rac8 17.Ne2 c5 18.Bc3 cxd4 19.exd4 Re8 20.Qd2 Bd6 21.Rfe1 Re7 22.Nf4
Bxf4 23.Qxf4 Rce8 24.Qd2 Qa6 25.Rxe7 Rxe7 26.Bf1 Qe6 27.Kg2 Nb8 28.Re1 Qxe1
29.Qxe1 Rxe1 30.Bxe1 Nc6 31.Bc3 Kf8 32.Kf2 Ke7 33.Ke3 Ne8 34.h4 Nc7 35.g4 Ne6
36.b4 a6 37.b5 axb5 38.Bxb5 f5 39.Ba4 Kd6 40.g5 Nc7 41.Bb2 b5 42.Bc2 Ke6
43.Bc3 b4 44.Ba4 bxc3 45.Bxc6 Kd6 46.Ba4 Ne6 47.Bd1 Kc6 48.Kd3 Nf4+ 49.Kxc3
Ng2 50.Kb4 f4 51.a4 Nxh4 52.a5 Nf5 53.Ba4+ Kb7 54.Kc5 Ka6 55.Kxd5 Kxa5 56.Be8
Kb6 57.Bxg6 Ne7+ 58.Ke4 Nxg6 59.Kf5 Ne7+ 60.Ke6 Nc8 61.Kf7 Nd6+ 62.Kxg7 Nf5+
63.Kf6 Nxd4 64.g6 Nxf3 65.g7 Nd4 66.g8=Q f3 67.Qd5 Nc6 68.Qxf3 {#r} 1-0

[Event "D12"]
[Site "Cleanchess.com Saint Louis USA"]
[Date "2018.02.13"]
[Round "9.1"]
[White "Torres Rosas,L"]
[Black "Stearman,Josiah"]
[Result "0-1"]
[WhiteElo "2370"]
[BlackElo "2335"]

1.d4 d5 2.c4 c6 3.Nf3 Nf6 4.e3 Bf5 5.Nc3 e6 6.Nh4 Be4 7.f3 Bg6 8.Qb3 Qc7 9.Bd2
a6 10.c5 Nbd7 11.Nxg6 hxg6 12.g3 Nh5 13.Bg2 b6 14.cxb6 Nxb6 15.O-O Nc4 16.Qc2
c5 17.b3 Nxd2 18.Qxd2 cxd4 19.exd4 Rc8 20.Na4 Ba3 21.Rf2 O-O 22.Bf1 Qa7 23.b4
Rc7 24.Rb1 Rb8 25.Nc5 a5 26.Na6 Rxb4 27.Nxb4 Bxb4 28.Qe3 Nf6 29.Rb3 Ne8 30.a3
Be7 31.Kg2 Bf6 32.Rd2 Nd6 33.g4 Nc4 34.Bxc4 Rxc4 35.Rbd3 a4 36.g5 Be7 37.f4
Bd6 38.Kf3 Qc7 39.h4 Kh7 40.Rd1 Qc8 41.Kg3 Qb8 42.Kf3 Rc2 43.R1d2 Rc7 44.Rd1
Rc4 45.R1d2 Rc1 46.Rd1 Rxd1 47.Rxd1 Qb2 48.Rd2 Qb1 49.Kg3 Qf1 50.Rf2 Qd1
51.Rd2 Qc1 52.Rd3 Qf1 53.Rd2 Bc7 54.Rf2 Qg1+ 55.Kf3 Qd1+ 56.Kg3 Bb6 57.Rd2 Qa1
58.Rg2 Bxd4 59.Qd2 Qxa3+ 60.Kg4 Bc5 61.Rg3 Qa1 62.h5 gxh5+ 63.Kxh5 Qb1 64.Rh3
Qf5 65.Kh4 Kg6 66.Kg3 e5 67.Rh4 exf4+ 68.Kf3 Qe4+ 69.Kg4 Qe6+ 70.Kf3 Qe3+
71.Qxe3 Bxe3 {#R} 0-1

[Event "D15"]
[Site "Cleanchess.com Rochefort FRA"]
[Date "2018.02.18"]
[Round "2.5"]
[White "Ikonnikov,Vy"]
[Black "Malassagne,R"]
[Result "1-0"]
[WhiteElo "2532"]
[BlackElo "2276"]

1.d4 d5 2.c4 c6 3.Nf3 Nf6 4.Nc3 a6 5.a4 e6 6.Bg5 a5 7.e3 Be7 8.Bd3 Na6 9.Rc1
Nb4 10.Bb1 b6 11.cxd5 exd5 12.Ne5 Nd7 13.Bxe7 Qxe7 14.Nxd7 Bxd7 15.Qh5 h6
16.O-O Qg5 17.Qe2 O-O 18.f4 Qf6 19.f5 Rae8 20.Rf4 Qd6 21.Rcf1 f6 22.Qh5 Rf7
23.Rg4 Rxe3 24.Qxh6 Qe7 25.Qh4 Rf8 26.Nd1 Re2 27.Qh3 Rd2 28.Rh4 Kf7 29.Rh7 Rg8
30.Qg3 Re2 31.h4 Nc2 32.Bxc2 Rxc2 33.h5 Qe4 34.h6 Bxf5 35.Rxg7+ Rxg7 36.Qxg7+
Ke6 37.Nf2 Qxd4 38.h7 Rxf2 39.Rxf2 Qd1+ 40.Kh2 Qh5+ 41.Kg3 Qxh7 42.Re2+ Kd6
43.Qxf6+ Kc5 44.Qc3+ Kd6 45.Qe5+ Kc5 46.Qe3+ Kd6 47.Qxb6 Qg8+ 48.Kh2 Bd3
49.Rf2 Qg5 50.Qb8+ Kc5 51.Rf3 Qh6+ 52.Rh3 Qd2 53.Qe5 Kc4 54.Qd6 c5 55.Rf3 Kb4
56.Qxd5 Qh6+ 57.Kg3 Qg7+ 58.Kf4 Qh6+ 59.Qg5 Qd6+ 60.Qe5 Qh6+ {#r} 1-0

[Event "D17"]
[Site "Cleanchess.com Graz AUT"]
[Date "2018.02.18"]
[Round "2.6"]
[White "Deac,Bogdan-Daniel"]
[Black "Warakomska,A"]
[Result "1-0"]
[WhiteElo "2549"]
[BlackElo "2269"]

1.d4 d5 2.c4 c6 3.Nf3 Nf6 4.Nc3 dxc4 5.a4 Bf5 6.Ne5 Nbd7 7.Nxc4 Nb6 8.Ne5 a5
9.h4 e6 10.f3 h6 11.e4 Bh7 12.Be3 Nfd7 13.Nd3 Rc8 14.Qb3 Be7 15.g3 O-O 16.Kf2
c5 17.dxc5 Nxc5 18.Nxc5 Bxc5 19.Bxc5 Rxc5 20.Rd1 Qc7 21.Be2 Nc4 22.Nb5 Qb6
23.Nd4 Qxb3 24.Nxb3 Rcc8 25.Rd4 Nxb2 26.Ra1 e5 27.Rd2 Nc4 28.Rc2 Nb6 29.Rb2 f5
30.Nxa5 Ra8 31.Rxb6 Rxa5 32.exf5 Bxf5 33.Rxb7 Rfa8 34.Rc1 R5a7 35.Rxa7 Rxa7
36.Bb5 Kf7 37.Ke3 Ke7 38.g4 Bh7 39.Rc6 Kf7 40.Kd2 Ke7 41.Rb6 Bg8 42.Rg6 Kf8
43.Ra6 Rxa6 44.Bxa6 Bd5 45.Be2 Ke7 46.Kc3 Kd6 47.Kb4 g5 48.h5 Bc6 49.a5 Kc7
50.Kc5 Ba8 51.a6 Bc6 52.Bc4 {#r} 1-0

[Event "D17"]
[Site "Cleanchess.com Lutsk UKR"]
[Date "2018.02.18"]
[Round "8.2"]
[White "Golubka,P"]
[Black "Budnikov,O"]
[Result "0-1"]
[WhiteElo "2503"]
[BlackElo "2422"]

1.d4 d5 2.c4 c6 3.Nc3 Nf6 4.Nf3 dxc4 5.a4 Bf5 6.Ne5 Nbd7 7.Nxc4 Qc7 8.g3 e5
9.dxe5 Nxe5 10.Bf4 Nfd7 11.Bg2 g5 12.Ne3 gxf4 13.Nxf5 O-O-O 14.O-O fxg3
15.hxg3 h5 16.Rc1 Kb8 17.Nd5 Qa5 18.b4 Bxb4 19.Nxb4 Qxb4 20.Rb1 Qc5 21.Qc1
Qxc1 22.Rfxc1 Kc7 23.a5 a6 24.Rc2 Rhg8 25.f4 Ng6 26.Nd4 Ne7 27.Kf2 h4 28.gxh4
Rg4 29.e3 Rxh4 30.Nf3 Rh6 31.Ng5 Rf6 32.Rh1 Nf8 33.Be4 Nf5 34.Rh8 Nd6 35.Bf3
Ne6 36.Nxe6+ fxe6 37.Rh7+ Rd7 38.Rh5 Rf5 39.Rh6 Re7 40.Bg4 Rf6 41.Rxf6 Ne4+
42.Kf3 Nxf6 43.Rh2 c5 44.Rh6 Nxg4 45.Kxg4 c4 46.Kf3 Kd6 47.Ke4 Rc7 48.Rh2 c3
49.Rc2 Rc5 50.Kd4 Rxa5 51.Rxc3 Ra4+ 52.Kd3 e5 53.fxe5+ Kxe5 54.Rc7 b5 55.Rc6
Ra3+ 56.Kc2 Kd5 57.Rb6 Kc5 58.Re6 a5 59.e4 b4 60.e5 Rc3+ 61.Kb2 a4 62.Re8 a3+
63.Ka2 Rc2+ 64.Kb1 Rb2+ 65.Ka1 Re2 66.Rc8+ Kb5 67.Re8 b3 68.Rb8+ Kc4 69.Rc8+
Kd5 70.Rd8+ Ke6 71.Rd6+ Kxe5 72.Rd1 Re3 73.Kb1 Ke4 74.Ka1 Rd3 75.Re1+ Kd4
76.Kb1 Kc3 77.Rc1+ Kb4 78.Re1 a2+ 79.Kb2 Rd2+ 80.Ka1 Ka3 {#R} 0-1

[Event "D19"]
[Site "Cleanchess.com Lutsk UKR"]
[Date "2018.02.18"]
[Round "9.5"]
[White "Razin,V"]
[Black "Oleksiyenko,Mykhaylo"]
[Result "0-1"]
[WhiteElo "2379"]
[BlackElo "2609"]

1.d4 d5 2.Nf3 Nf6 3.c4 c6 4.Nc3 dxc4 5.a4 Bf5 6.e3 e6 7.Bxc4 Bb4 8.O-O O-O
9.Qe2 Bg6 10.Ne5 Nbd7 11.Nxg6 hxg6 12.Rd1 Qa5 13.Bd2 e5 14.d5 Rad8 15.dxc6
bxc6 16.Be1 e4 17.Qc2 Ne5 18.Be2 Rxd1 19.Rxd1 Rd8 20.h3 Rxd1 21.Qxd1 Nfd7
22.Qd4 f5 23.Bc4+ Kh8 24.Be6 Bc5 25.Qd1 Qc7 26.Bxf5 gxf5 27.Qh5+ Kg8 28.Qxf5
Bb4 29.Qe6+ Nf7 30.Nd5 cxd5 31.Bxb4 Nf6 32.Bc3 Qd6 33.Qc8+ Kh7 34.Qf5+ Kg8
35.Qc8+ Kh7 36.Qb7 Qd7 37.Qa6 Nd6 38.Bd4 Nf5 39.Qxa7 Nxd4 40.Qxd4 Qc7 41.b4
Qc1+ 42.Kh2 Qc2 43.Kg1 Qxa4 44.g3 Qb3 45.g4 Qc4 46.Qe5 Qxb4 47.g5 Nh5 48.Qxd5
g6 49.Kg2 Ng7 50.Qf7 Qb5 51.Qe7 Qf5 52.Kg3 Qf3+ 53.Kh2 Qxf2+ 54.Kh1 Qxe3 {#R}
0-1

[Event "D20"]
[Site "Cleanchess.com Lutsk UKR"]
[Date "2018.02.16"]
[Round "7.2"]
[White "Mirzoev,E"]
[Black "Bortnik,N"]
[Result "0-1"]
[WhiteElo "2405"]
[BlackElo "2432"]

1.d4 d5 2.c4 dxc4 3.e3 Nf6 4.Bxc4 a6 5.Nf3 b5 6.Bd3 Bb7 7.a4 b4 8.Nbd2 c5
9.O-O e6 10.Nc4 Nc6 11.Re1 cxd4 12.exd4 Nxd4 13.Nxd4 Qxd4 14.Rxe6+ fxe6
15.Bg6+ hxg6 16.Qxd4 Rd8 {#R} 0-1

[Event "D22"]
[Site "Cleanchess.com Aarhus DEN"]
[Date "2018.02.13"]
[Round "4.1"]
[White "Olsen,Filip Boe"]
[Black "Kollars,Dmitrij"]
[Result "0-1"]
[WhiteElo "2300"]
[BlackElo "2509"]

1.d4 d5 2.c4 dxc4 3.Nf3 a6 4.e3 Bg4 5.Bxc4 e6 6.O-O Nf6 7.Nc3 Nc6 8.Be2 Bd6
9.h3 Bh5 10.b3 O-O 11.Bb2 Qe7 12.Ne5 Bxe2 13.Nxc6 Bxd1 14.Nxe7+ Bxe7 15.Rfxd1
Rfd8 16.Rac1 Rac8 17.Na4 Nd5 18.Nc5 Bxc5 19.Rxc5 f5 20.Kf1 e5 21.g4 fxg4
22.hxg4 e4 23.Ke2 c6 24.Rcc1 Rf8 25.Rh1 Rf6 26.Rcg1 g5 27.Rh5 h6 28.Rc1 Rcf8
29.Rh2 Nb4 30.Ba3 Nd3 31.Rf1 R8f7 32.Bc5 b5 33.a3 a5 34.Bb6 a4 35.b4 Rf3
36.Bc5 Kg7 37.Bd6 Kg6 38.Bg3 Nb2 39.Rfh1 Rh7 40.Rg2 Nc4 41.Ra1 h5 42.gxh5+
Rxh5 43.Bc7 Kf5 44.Bd8 g4 45.Bc7 Rhh3 46.Rag1 Nxe3 47.fxe3 Rxe3+ 48.Kd1 Rd3+
49.Kc1 Rc3+ 50.Kb2 Rb3+ 51.Kc2 Rhc3+ 52.Kd1 Rb1+ 53.Kd2 Rxg1 54.Rxg1 Rxa3
55.Be5 Rb3 56.Rf1+ Rf3 57.Rc1 g3 58.Rxc6 g2 59.Bh2 Rf1 60.Rc5+ Kf6 61.Rc6+ Ke7
62.Ke2 Rh1 63.Kf2 Rxh2 64.Rc5 a3 {#R} 0-1

[Event "D25"]
[Site "Cleanchess.com Lutsk UKR"]
[Date "2018.02.16"]
[Round "8.6"]
[White "Mikhaletz,L"]
[Black "Yarmysty,M"]
[Result "0-1"]
[WhiteElo "2416"]
[BlackElo "2300"]

1.d4 d5 2.Nf3 Nf6 3.c4 dxc4 4.e3 a6 5.Bxc4 b5 6.Bd3 Bb7 7.a4 b4 8.Nbd2 c5
9.O-O e6 10.a5 Nbd7 11.Qe2 Be7 12.Nc4 O-O 13.e4 cxd4 14.e5 Nd5 15.h4 Nc5
16.Ng5 Nxd3 17.Qxd3 Bxg5 18.Bxg5 f6 19.exf6 Nxf6 20.Rfe1 Qd5 21.f3 Rad8 22.Re5
Qd7 23.Nb6 Qf7 24.Rae1 Rfe8 25.b3 h6 26.Bd2 Nd5 27.Nxd5 Rxd5 28.Rxd5 Bxd5
29.Qxd4 Bxb3 30.Qd3 e5 31.Qxa6 Bc4 32.Qb6 b3 33.Bc3 Qe6 34.Qxe6+ Rxe6 35.Rxe5
Rxe5 36.Bxe5 Kf7 37.Kf2 h5 38.Ke3 g6 39.Kd4 b2 40.Kxc4 b1=Q 41.Bc3 Qa2+ 42.Kb4
Ke6 43.g4 Kd5 {#R} 0-1

[Event "D25"]
[Site "Cleanchess.com Lutsk UKR"]
[Date "2018.02.17"]
[Round "6.4"]
[White "Simantsev,M"]
[Black "Bortnik,N"]
[Result "0-1"]
[WhiteElo "2486"]
[BlackElo "2432"]

1.d4 d5 2.c4 dxc4 3.Nf3 Nf6 4.e3 a6 5.Bxc4 e6 6.O-O b5 7.Be2 Bb7 8.a4 b4
9.Nbd2 c5 10.Nb3 Nbd7 11.Bd2 cxd4 12.Nfxd4 Ne4 13.Rc1 Bd5 14.Bc4 Bxc4 15.Rxc4
Nxd2 16.Qxd2 Nb6 17.Rc6 Be7 18.a5 Nd7 19.Qe2 Nb8 20.Rb6 O-O 21.Rd1 Qd5 22.e4
Qg5 23.Nf3 Qh5 24.Nfd4 Qxe2 25.Nxe2 Ra7 26.Ned4 Rd7 27.Rc1 Rfd8 28.g3 g5 29.h3
Kg7 30.Kg2 Bf6 31.Nc6 Nxc6 32.Rcxc6 Rd3 33.Rxb4 Rd1 34.Rb7 Kg6 35.Rc1 Rxc1
36.Nxc1 Rd2 37.Nb3 Rxb2 38.Nc5 Ra2 39.Nb3 Bc3 40.Rb6 Ra3 41.Kf1 h5 42.Kg2 g4
43.hxg4 hxg4 44.Kf1 Kf6 45.Ke2 Ra2+ 46.Kf1 Ra3 47.Ke2 Ke5 48.f3 gxf3+ 49.Kxf3
Bxa5 50.Rb7 Bc3 51.Kg4 Be1 52.Kh5 Kxe4 53.Nc5+ Kd5 54.Nd7 Kc6 55.Ra7 Bxg3
56.Nf6 Be5 57.Rxf7 Bxf6 58.Rxf6 Kd5 {#R} 0-1

[Event "D25"]
[Site "Cleanchess.com   INT"]
[Date "2018.02.14"]
[Round "6"]
[White "Boruchovsky,A"]
[Black "Haldorsen,Benjamin"]
[Result "1-0"]
[WhiteElo "2542"]
[BlackElo "2405"]

1.Nf3 d5 2.d4 Nf6 3.c4 dxc4 4.e3 b5 5.b3 cxb3 6.Bxb5+ c6 7.Bc4 bxa2 8.Rxa2 e6
9.O-O Be7 10.Bd2 O-O 11.Ba5 Qd6 12.Nbd2 Nbd7 13.Qc2 c5 14.Bd3 Bb7 15.Nc4 Qc6
16.Nce5 Qc8 17.Rb1 Bd5 18.Nxd7 Qxd7 19.Ra4 Rfc8 20.Ne5 Qd6 21.Nc4 Qd7 22.Ne5
Qe8 23.Bc3 cxd4 24.Rxd4 h6 25.e4 Bc5 26.Ra4 Bc6 27.Nxc6 Qxc6 28.Rc4 Nd7 29.e5
Qd5 30.Rd1 Nxe5 31.Bh7+ Kh8 32.Rxd5 exd5 33.Bxe5 dxc4 34.Be4 Re8 35.Bxa8 Rxe5
36.g3 Bb6 37.Qxc4 Re6 38.Kg2 Rf6 39.f4 g6 40.Bd5 Kg7 41.Kf3 h5 42.h4 Rf5
43.Be4 Rc5 44.Qd4+ Kg8 45.Bd5 Rc7 46.Qe5 Kf8 47.Qf6 Rd7 48.Qh8+ Ke7 49.Qe5+
Kf8 50.f5 gxf5 51.Qxf5 Rc7 52.Qxh5 Rc3+ 53.Kg2 Rc2+ 54.Kh3 Rf2 55.Qe5 f6
56.Qe6 Kg7 57.Qf7+ Kh6 58.h5 Kg5 59.Qg6# 1-0

[Event "D26"]
[Site "Cleanchess.com Lutsk UKR"]
[Date "2018.02.16"]
[Round "5.4"]
[White "Bogdanovich,S"]
[Black "Mischuk,D"]
[Result "1-0"]
[WhiteElo "2560"]
[BlackElo "2383"]

1.d4 d5 2.c4 c6 3.Nf3 Nf6 4.e3 e6 5.Bd3 dxc4 6.Bxc4 c5 7.O-O Nc6 8.Nc3 cxd4
9.exd4 Be7 10.Bg5 O-O 11.Qe2 Nb4 12.Rad1 Nfd5 13.Bxe7 Nxe7 14.Ne5 Bd7 15.a3
Nbd5 16.Nxd5 exd5 17.Bd3 Bf5 18.Rfe1 Bxd3 19.Qxd3 Nc6 20.Nxc6 bxc6 21.Rc1 Qb6
22.Re2 a5 23.Rec2 g6 24.Qd2 Rfc8 25.Rc5 a4 26.R1c2 Rab8 27.Qc1 Qb3 28.R5c3 Qb6
29.Qf4 Rb7 30.g3 Re7 31.Rc5 Re4 32.Qd6 Re6 33.Qf4 Re4 34.Qf6 Re6 35.Qf3 Rce8
36.Kg2 h5 37.Qc3 Rb8 38.Qd3 Qb3 39.R5c3 Qb5 40.Qd1 Rbe8 41.Qd3 Qxd3 42.Rxd3
Re2 43.Rdc3 Rxc2 44.Rxc2 Rb8 45.Kf3 Kg7 46.Kf4 f6 47.Ke3 Rb3+ 48.Kd2 Kf7
49.Kc1 Rb6 50.Rc5 Ra6 51.Kc2 Ke6 52.Rc3 Kd6 53.Rf3 f5 54.Re3 c5 55.Re8 cxd4
56.Rg8 Ke5 57.Kd3 Rb6 58.Re8+ Kf6 59.Re2 f4 60.Kxd4 Rb5 61.Rc2 Kf5 62.f3 fxg3
63.hxg3 g5 64.Rh2 Rb3 65.Rxh5 Rxf3 66.Rh8 Rxg3 67.Rf8+ Kg4 68.Ra8 Rb3 69.Rxa4
Rxb2 70.Kc3+ {#r} 1-0

[Event "D30"]
[Site "Cleanchess.com   INT"]
[Date "2018.02.14"]
[Round "6"]
[White "Studer,N"]
[Black "Srija,S"]
[Result "0-1"]
[WhiteElo "2476"]
[BlackElo "2203"]

1.d4 d5 2.c4 e6 3.Nf3 c6 4.Nbd2 Nf6 5.e3 Nbd7 6.b3 Bd6 7.Bb2 O-O 8.Bd3 b6
9.O-O Bb7 10.Ne5 Qe7 11.f4 Rfd8 12.Qf3 c5 13.Qh3 Nf8 14.Ndf3 Ne4 15.cxd5 exd5
16.dxc5 Bxc5 17.Nd4 Bxd4 18.Bxd4 Ne6 19.Bb2 N6c5 20.Bc2 f6 21.Nf3 Ba6 22.Rfe1
Nd3 23.Bxd3 Bxd3 24.Rad1 Bb5 25.Nd4 Be8 26.Rc1 Nc5 27.Red1 Rac8 28.b4 Bd7
29.Qh5 Qxe3+ 30.Kh1 Ne4 31.Qxd5+ Kh8 32.h3 Bxh3 33.Nf5 Nf2+ 34.Kh2 Nxd1
35.Nxe3 Rxd5 36.Nxd5 Nxb2 37.Rb1 Be6 38.Ne7 Rc7 39.Rxb2 Rxe7 40.Re2 Re8 41.f5
Bd7 {#R} 0-1

[Event "D31"]
[Site "Cleanchess.com Lutsk UKR"]
[Date "2018.02.16"]
[Round "9.1"]
[White "Bogdanovich,S"]
[Black "Razin,V"]
[Result "1-0"]
[WhiteElo "2560"]
[BlackElo "2379"]

1.d4 e6 2.c4 d5 3.Nc3 dxc4 4.e4 a6 5.a4 c5 6.d5 exd5 7.Nxd5 Nc6 8.Bxc4 Bd6
9.Nf3 Bg4 10.h3 Bh5 11.Be3 Nge7 12.O-O O-O 13.Ra3 Ne5 14.Be2 Bxf3 15.gxf3 N7c6
16.f4 Ng6 17.e5 Be7 18.Rd3 Nd4 19.Bxd4 Qxd5 20.Be3 Qe6 21.Bg4 f5 22.Bf3 Kh8
23.Bxb7 Rab8 24.Bd5 Qb6 25.b3 Qb4 26.Qd2 Qb6 27.Rd1 Nh4 28.Kh2 Qh6 29.Bh1 Qh5
30.Rd7 Rfe8 31.Re1 Rxb3 32.Qe2 Qxe2 33.Rxe2 Bf8 34.Rc2 Rb4 35.Ra7 Rxa4 36.Bc6
{#r} 1-0

[Event "D31"]
[Site "Cleanchess.com Israel ISR"]
[Date "2018.02.16"]
[Round "7.3"]
[White "Baron,Ta"]
[Black "Bykhovsky,Av"]
[Result "1-0"]
[WhiteElo "2548"]
[BlackElo "2423"]

1.d4 d5 2.c4 e6 3.Nc3 Be7 4.cxd5 exd5 5.Bf4 c6 6.e3 Bd6 7.Bxd6 Qxd6 8.Bd3 Ne7
9.Qb1 b6 10.b4 Ba6 11.b5 cxb5 12.Bxb5+ Bxb5 13.Nxb5 Qd7 14.Nf3 f6 15.O-O Nbc6
16.a4 O-O 17.Ra2 Rfc8 18.Rc2 Na5 19.Nc3 Rc6 20.Rfc1 Rac8 21.Qa2 Kf8 22.h3 R8c7
23.Nb5 Rxc2 24.Rxc2 Rxc2 25.Qxc2 h6 26.Ne1 Nac6 27.Nd3 g5 28.Nc1 Kg7 29.Ne2 f5
30.Ng3 Kg6 31.Qe2 Ng8 32.Qh5+ Kh7 33.Qf3 Nce7 34.h4 Nf6 35.Nh5 Neg8 36.hxg5
hxg5 37.Qh3 Kg6 38.Ng3 Nh6 39.f3 Qe7 40.Qxh6+ {#r} 1-0

[Event "D31"]
[Site "Cleanchess.com   INT"]
[Date "2018.02.14"]
[Round "6"]
[White "Ashwin,J"]
[Black "Tang,Andrew"]
[Result "0-1"]
[WhiteElo "2486"]
[BlackElo "2513"]

1.d4 d5 2.c4 e6 3.Nc3 Be7 4.cxd5 exd5 5.Bf4 c6 6.Qc2 g6 7.h3 Bf5 8.Qd2 h5 9.e3
Bd6 10.Nge2 Nf6 11.Bg5 Nbd7 12.Nf4 Qb6 13.f3 Nh7 14.Bh6 Nhf8 15.Bg7 Rh7
16.Bxf8 Kxf8 17.O-O-O Bxf4 18.exf4 h4 19.Qf2 Qc7 20.Bd3 Qxf4+ 21.Kc2 Nf6
22.Rhe1 Nh5 23.Re5 Qg3 24.Qf1 Bxd3+ 25.Rxd3 Nf4 26.Rd2 Ne6 27.Qd3 Re8 28.Rde2
Rh5 29.Rxh5 gxh5 30.Kd1 Qg7 31.Rd2 Nf4 32.Qf1 Qg6 33.Qf2 b5 34.a3 a5 35.Qxh4
b4 36.axb4 axb4 37.Ne2 Nxe2 38.Rxe2 Qb1+ 39.Kd2 Qxb2+ 40.Kd1 Qxe2+ 41.Kc1 Qe1+
42.Kb2 Qxh4 {#R} 0-1

[Event "D31"]
[Site "Cleanchess.com   INT"]
[Date "2018.02.14"]
[Round "6"]
[White "Le Quang Liem"]
[Black "Tang,Andrew"]
[Result "1-0"]
[WhiteElo "2737"]
[BlackElo "2513"]

1.d4 d5 2.c4 e6 3.Nc3 Be7 4.cxd5 exd5 5.Bf4 c6 6.e3 Bf5 7.g4 Be6 8.h4 Nd7 9.g5
h6 10.g6 Ngf6 11.gxf7+ Bxf7 12.Bd3 Nh5 13.Bh2 O-O 14.Qg4 Ndf6 15.Qg2 Be6
16.O-O-O Ng4 17.Nf3 Bd6 18.Bxd6 Qxd6 19.Rdf1 Nf4 20.exf4 Qxf4+ 21.Nd2 Qxd4
22.Bc2 Rf7 23.Ne2 Qc5 24.Nb3 Qd6 25.Qg3 Qxg3 26.fxg3 Nf2 27.Rhg1 Raf8 28.Re1
Nh3 29.Rg2 b6 30.Ned4 Bd7 31.Rge2 c5 32.Ne6 Bxe6 33.Rxe6 d4 34.Nd2 Nf2 35.Bg6
Rd7 36.Nc4 Ng4 37.Re8 Nf6 38.R8e7 Rdd8 39.Rxa7 b5 40.Na3 d3 41.Rd1 c4 42.Nxb5
Nd5 43.Nc3 Ne3 44.Rd2 Nf1 45.Rd1 Ne3 46.Rc7 Rf2 47.Rd2 Rf3 48.Nd1 Nf1 49.g4
{#r} 1-0

[Event "D31"]
[Site "Cleanchess.com Lutsk UKR"]
[Date "2018.02.16"]
[Round "14.2"]
[White "Mirzoev,E"]
[Black "Bernadskiy,V"]
[Result "0-1"]
[WhiteElo "2405"]
[BlackElo "2588"]

1.d4 d5 2.c4 e6 3.Nc3 Ne7 4.Nf3 Nbc6 5.cxd5 exd5 6.Bf4 a6 7.e3 g6 8.Be2 Bg7
9.O-O O-O 10.a3 h6 11.h3 b6 12.b4 Bb7 13.Qb3 Nf5 14.Rfc1 Nce7 15.Bh2 Nd6 16.a4
c6 17.Bd3 b5 18.axb5 cxb5 19.Be5 Nc4 20.Bxg7 Kxg7 21.Ra2 Qd6 22.Ne2 Rac8
23.Re1 f5 24.Qb1 Nc6 25.Ng3 Nxb4 26.Rae2 Nxd3 27.Qxd3 b4 28.h4 Qe6 29.Nd2 Bc6
30.Nb3 Bb5 31.Nc5 Qf6 32.Qb1 a5 33.Ra2 Rce8 34.h5 g5 35.Nf1 Qf7 36.Nh2 Qxh5
37.Rxa5 Nxa5 38.Qxb4 Bc4 39.Qxa5 f4 40.Qb6 Qg6 41.Qb7+ Qf7 42.Qb2 fxe3 43.fxe3
Qf5 44.Nf3 g4 45.Ne5 g3 46.Qb7+ Kg8 47.Qb1 Qf2+ 48.Kh1 Qf1+ 49.Rxf1 Rxf1+
50.Qxf1 Bxf1 51.Kg1 Bc4 52.Ncd7 Ra8 53.Nxc4 Ra1# 0-1

[Event "D34"]
[Site "Cleanchess.com   INT"]
[Date "2018.02.14"]
[Round "6"]
[White "Chandra,Akshat"]
[Black "Nemcova,Kat"]
[Result "0-1"]
[WhiteElo "2510"]
[BlackElo "2315"]

1.Nf3 d5 2.g3 Nf6 3.Bg2 c5 4.O-O e6 5.c4 Nc6 6.cxd5 exd5 7.d4 Be7 8.Nc3 O-O
9.dxc5 Bxc5 10.Na4 Be7 11.Be3 b6 12.Rc1 Na5 13.Nd4 Bb7 14.Nf5 Re8 15.Nxe7+
Qxe7 16.Re1 Rac8 17.Bd4 Ne4 18.Nc3 Nc4 19.b3 Ncd6 20.Bh3 Rcd8 21.Qc2 Qg5
22.Nxe4 dxe4 23.Bg2 Nf5 24.Ba1 h5 25.Qc7 Rc8 26.Qf4 Qxf4 27.gxf4 Nh4 28.Bh3 f5
29.Red1 Red8 30.Rxd8+ Rxd8 31.Bc3 Ba6 32.Bf1 Rc8 33.Bd2 Rxc1 34.Bxc1 Kf7 35.h3
Ke6 36.Bb2 Kf7 37.Kh2 Nf3+ {#R} 0-1

[Event "D34"]
[Site "Cleanchess.com Neustadt an der Weinstrasse GER"]
[Date "2018.02.13"]
[Round "9.4"]
[White "Fridman,D"]
[Black "Bao,Q"]
[Result "1-0"]
[WhiteElo "2635"]
[BlackElo "2426"]

1.Nf3 Nf6 2.c4 e6 3.g3 d5 4.Bg2 Be7 5.O-O O-O 6.d4 c5 7.cxd5 exd5 8.Nc3 Nc6
9.dxc5 Bxc5 10.Na4 Be7 11.Be3 Re8 12.Rc1 Bg4 13.Nd4 Qd7 14.Nxc6 bxc6 15.Bd4
Rac8 16.f3 Bf5 17.g4 Bg6 18.e3 h5 19.h3 Bd6 20.Nc5 Qe7 21.b4 Bb8 22.g5 Nd7
23.f4 Nxc5 24.bxc5 Qe6 25.Qf3 Bd3 26.Qxh5 Bxf1 27.Rxf1 Qf5 28.Bf3 Rc7 29.Bg4
Qc2 30.Bd1 Qd3 31.Be2 Qf5 32.Rd1 Rb7 33.Bd3 Re4 34.Qf3 Qe6 35.Bxe4 dxe4 36.Qh5
Rd7 37.Qg4 Qxg4+ 38.hxg4 Rb7 39.Bc3 {#r} 1-0

[Event "D35"]
[Site "Cleanchess.com   INT"]
[Date "2018.02.14"]
[Round "6"]
[White "Petrosyan,M"]
[Black "Hammer,J"]
[Result "0-1"]
[WhiteElo "2570"]
[BlackElo "2621"]

1.d4 d5 2.c4 e6 3.Nc3 Nf6 4.cxd5 exd5 5.Bg5 c6 6.e3 Nbd7 7.Bd3 Be7 8.Nge2 Nh5
9.Bxe7 Qxe7 10.O-O O-O 11.Qc2 g6 12.e4 dxe4 13.Nxe4 Ndf6 14.N2c3 Rd8 15.Rfe1
Nf4 16.Nc5 Qf8 17.N3e4 Nxe4 18.Nxe4 Nxd3 19.Qxd3 Bf5 20.Rad1 Bxe4 21.Rxe4 Rd5
22.Rde1 Rad8 23.Qb3 Rb5 24.Qc2 Qb4 25.b3 Rxd4 26.h4 Qd2 27.Qb1 Rxe4 28.Qxe4
Rf5 29.Re2 Qd1+ 30.Kh2 Qd6+ 31.g3 Kg7 32.Qe3 a5 33.Rd2 Qc5 34.Qe1 Qc3 35.Qd1
h5 36.Kg2 Qc5 37.Qe2 Rd5 38.Rxd5 Qxd5+ 39.Kg1 Qd4 40.a4 Qc3 41.Qd1 b5 42.axb5
cxb5 43.Kg2 b4 44.Qd5 a4 45.bxa4 b3 46.a5 b2 47.Qb7 Qc2 48.a6 b1=Q {#R} 0-1

[Event "D36"]
[Site "Cleanchess.com   INT"]
[Date "2018.02.14"]
[Round "6"]
[White "Urkedal,F"]
[Black "Boruchovsky,A"]
[Result "0-1"]
[WhiteElo "2572"]
[BlackElo "2542"]

1.d4 e6 2.c4 Nf6 3.Nc3 d5 4.cxd5 exd5 5.Bg5 c6 6.e3 Be7 7.Bd3 O-O 8.Qc2 Nbd7
9.Nf3 Re8 10.O-O Nf8 11.h3 Be6 12.Rab1 a5 13.a3 h6 14.Bf4 Nh5 15.Bh2 Bd6
16.Ne5 Qc8 17.f4 f6 18.Ng6 Bxh3 19.Nxf8 Rxe3 20.gxh3 Kxf8 21.Bf5 Qc7 22.Bg4
Nxf4 23.Bxf4 Bxf4 24.Qh7 Bg5 25.Qh8+ Kf7 26.Qxa8 Rxh3 27.Rf2 Qg3+ 28.Rg2 Qe3+
29.Rf2 Rg3+ 30.Kf1 Rxg4 31.Qxb7+ Kg6 32.Re1 Qd3+ 33.Ree2 Qh3+ 34.Rg2 Qh1+ {#R}
0-1